000 00610nam a22002417a 4500
003 UA-OsUOA
001 19866
007 ta
008 20041002b un ||||| |||| 00| 0 ukr d
100 _aЧерніговець Т.
700 _aКоваленко Ю.
090 _bЕ-885
942 _cSA
040 _aUA-OsUOA
_bukr
_cUA-OsUOA
_dUA-OsUOA
245 _aНародні дитячі ігри Рівненського Полісся
300 _aС.119-129
955 _a0
041 _aukr
591 _a63.5(4Укр-4Рів)
044 _aUA
773 0 _w0
650 7 _aЕтнографія
_2UDC
999 _c306039
_d306039